000 00408nam a2200157Ia 4500
008 240729s9999 xx 000 0 und d
022 _a1744-8603
245 0 _aGlobalization and Health
260 _aUnited Kingdom
260 _bBMC
650 _a Public aspects of medicine
650 _aMedicine
856 _uhttps://doaj.org/toc/6329f7627763468e8454685cfdc378b0
942 _2ddc
942 _cDOAJEJ
999 _c74252
_d74252
945 _a1
_bMadushi Gamage
_c1
_dMadushi Gamage